LEADER 01057nam0-22003851i-450- 001 990003972050403321 005 20090123150644.0 010 $a0-262-65040-1 035 $a000397205 035 $aFED01000397205 035 $a(Aleph)000397205FED01 035 $a000397205 100 $a20031010d1994----km-y0itay50------ba 101 0 $aeng 105 $aa---a---001yy 200 1 $a<>course in game theory$fM.J. Osborne, A. Rubinstein 210 $aCambridge$cThe MIT Press$dc1994 215 $aXV, 352 p.$d23 cm 610 0 $aCibernetica 610 0 $aTeoria dei giochi 610 0 $aTeoria degli automi 610 0 $aIntelligenza artificiale 676 $a658 700 1$aOsborne,$bMartin J.$0140512 701 1$aRubinstein,$bAriel$f<1951- >$0120823 801 0$aIT$bUNINA$gRICA$2UNIMARC 901 $aBK 912 $a990003972050403321 952 $a02 49 C 63$b8039$fFINBN 952 $a8-382$bD.S.F. 9124$fFI1 959 $aFINBN 959 $aFI1 962 $a91-XX 996 $aCourse in game theory$945083 997 $aUNINA LEADER 01332nam a22002531i 4500 001 991001332459707536 005 20031031164320.0 008 040407s1975 it a||||||||||||||||ita 035 $ab1275416x-39ule_inst 035 $aARCHE-073379$9ExL 040 $aDip.to Scienze Storiche$bita$cA.t.i. Arché s.c.r.l. Pandora Sicilia s.r.l. 082 04$a759.5 100 1 $aLonghi, Roberto$036305 245 10$a"Fatti di Masolino e di Masaccio" e altri studi sul Quattrocento :$b1910-1967 /$cRoberto Longhi 260 $aFirenze :$bSansoni,$c1975 300 $a248 p., [210] p. di tav. :$bill. ;$c26 cm 500 $aContiene: "Fatti di Masolino e di Masacccio"; Arcangelo di Cola; Maestro del bambino vispo; Maestro dei santi Quirico e Giulitta; Maestro della predella Sherman; "Il maestro di Pratovecchio;" Benozzo Gozzoli; Piero della Francesca; Giovanni di Piamonte; Familiare del Boccati; "Frammento siciliano"; Macrino d'Alba; Ghirlandaio 650 4$aPittura italiana$ySec. 15. 907 $a.b1275416x$b02-04-14$c16-04-04 912 $a991001332459707536 945 $aLE009 LA V d 48$g1$i2009000287020$lle009$o-$pE0.00$q-$rn$so $t0$u1$v0$w1$x0$y.i13293230$z16-04-04 996 $aFatti di Masolino e di Masaccio e altri studi sul Quattrocento$9252900 997 $aUNISALENTO 998 $ale009$b16-04-04$cm$da $e-$fita$git $h0$i1